| 000 | 00936nam a22002297a 4500 | ||
|---|---|---|---|
| 001 | 38272 | ||
| 003 | BD-RjUL | ||
| 005 | 20211209052748.0 | ||
| 008 | 151026s1981 bg ||||| |||| 00| 0 ben d | ||
| 035 | _a(BD-RjUL)38377 | ||
| 040 |
_aBD-RjUL _bben _cBD-RjUL |
||
| 041 | _aben | ||
| 082 |
_223 _a121 _bHUM 1981 |
||
| 100 |
_a হিউম, ডেভিড _9118314 |
||
| 245 |
_aমানব-প্রকৃতির স্বরুপ অন্বেষা / _cডেভিড হিউম ; অনুবাদক আবু তাহা হাফিজুর রহমান. |
||
| 260 |
_aঢাকা : _bবাংলা একাডেমী, _c১৯৮১. |
||
| 300 |
_a২৭৪ পৃ. ; _c২৪ সেমি. |
||
| 650 |
_aজ্ঞানের তত্ত্ব _9118315 |
||
| 650 |
_aKnowledge, Theory of. _9118316 |
||
| 700 |
_aরহমান, আবু তাহা হাফিজুর _9118317 |
||
| 942 |
_2ddc _cBK _07 |
||
| 999 |
_c38272 _d38272 |
||